[Event "DVM U16 2021"]
[Site "Kiel GER"]
[Date "2022.07.26"]
[Round "7"]
[White "Mainka, Ingmar"]
[Black "Franzky, Julian"]
[Result "1/2-1/2"]
[Termination "normal"]
[Board "5.3"]
[WhiteElo "1432"]
[BlackElo "1382"]
[WhiteClock "00:20:05"]
[BlackClock "00:07:26"]
[WhiteTeam "DJK Arminia Eilendorf 1919 e. V."]
[BlackTeam "TV Tegernsee"]
[PlyCount "73"]
[WhiteFideId "16254937"]
[BlackFideId "16291603"]
[EventCountry "GER"]
[EventRounds "7"]
[EventType "team-swiss"]
[EventDate "2022.07.22"]

1. e4 {[%clk 01:30:58]} e5 {[%clk 01:30:55]} {[%emt 00:00:06]} 2. Nf3 {[%clk
01:31:23]} {[%emt 00:00:04]} Nc6 {[%clk 01:31:19]} {[%emt 00:00:07]} 3. d4
{[%clk 01:31:49]} {[%emt 00:00:05]} exd4 {[%clk 01:31:45]} {[%emt 00:00:04]} 4.
Nxd4 {[%clk 01:32:15]} {[%emt 00:00:04]} Bc5 {[%clk 01:32:05]} {[%emt
00:00:10]} 5. Be3 {[%clk 01:32:40]} {[%emt 00:00:05]} Qf6 {[%clk 01:32:31]}
{[%emt 00:00:04]} 6. c3 {[%clk 01:33:04]} {[%emt 00:00:05]} Nge7 {[%clk
01:32:45]} {[%emt 00:00:17]} 7. Bc4 {[%clk 01:33:28]} {[%emt 00:00:06]} Ne5
{[%clk 01:33:06]} {[%emt 00:00:10]} 8. Be2 {[%clk 01:33:32]} {[%emt 00:00:25]}
d6 {[%clk 01:32:44]} {[%emt 00:00:51]} 9. Nd2 {[%clk 01:33:14]} {[%emt
00:00:49]} N7g6 {[%clk 01:31:57]} {[%emt 00:01:17]} 10. O-O {[%clk 01:12:37]}
{[%emt 00:21:06]} O-O {[%clk 01:29:00]} {[%emt 00:03:27]} 11. f4 {[%clk
01:11:26]} {[%emt 00:01:41]} Nc6 {[%clk 01:26:24]} {[%emt 00:03:06]} 12. N2b3
{[%clk 01:11:38]} {[%emt 00:00:18]} Bb6 {[%clk 01:24:41]} {[%emt 00:02:14]} 13.
Qd2 {[%clk 01:11:14]} {[%emt 00:00:54]} Qe7 {[%clk 01:22:01]} {[%emt 00:03:10]}
14. Bd3 {[%clk 01:06:15]} {[%emt 00:05:28]} f6 {[%clk 01:14:29]} {[%emt
00:08:02]} 15. Kh1 {[%clk 01:04:59]} {[%emt 00:01:45]} Nxd4 {[%clk 01:06:01]}
{[%emt 00:08:59]} 16. cxd4 {[%clk 01:05:03]} {[%emt 00:00:26]} Re8 {[%clk
01:03:45]} {[%emt 00:02:46]} 17. Rfe1 {[%clk 00:59:46]} {[%emt 00:05:48]} Bd7
{[%clk 00:59:29]} {[%emt 00:04:46]} 18. Na5 {[%clk 00:50:46]} {[%emt 00:09:29]}
Rac8 {[%clk 00:44:44]} {[%emt 00:15:15]} 19. Rac1 {[%clk 00:48:13]} {[%emt
00:03:02]} Rb8 {[%clk 00:42:55]} {[%emt 00:02:20]} 20. Nc4 {[%clk 00:47:55]}
{[%emt 00:00:48]} Rbc8 {[%clk 00:39:34]} {[%emt 00:03:51]} 21. Qb4 {[%clk
00:45:42]} {[%emt 00:02:43]} d5 {[%clk 00:37:35]} {[%emt 00:02:29]} 22. Qxe7
{[%clk 00:45:22]} {[%emt 00:00:50]} Nxe7 {[%clk 00:37:21]} {[%emt 00:00:45]}
23. Nxb6 {[%clk 00:45:44]} {[%emt 00:00:08]} cxb6 {[%clk 00:35:30]} {[%emt
00:02:21]} 24. exd5 {[%clk 00:45:05]} {[%emt 00:01:08]} Nxd5 {[%clk 00:35:02]}
{[%emt 00:00:58]} 25. Bd2 {[%clk 00:44:47]} {[%emt 00:00:48]} Rxc1 {[%clk
00:30:51]} {[%emt 00:04:41]} 26. Rxc1 {[%clk 00:45:03]} {[%emt 00:00:14]} Bc6
{[%clk 00:30:44]} {[%emt 00:00:37]} 27. Kg1 {[%clk 00:42:52]} {[%emt 00:02:40]}
h6 {[%clk 00:28:07]} {[%emt 00:03:08]} 28. Kf2 {[%clk 00:41:19]} {[%emt
00:02:03]} Kf7 {[%clk 00:26:53]} {[%emt 00:01:42]} 29. g3 {[%clk 00:36:15]}
{[%emt 00:05:35]} Nc7 {[%clk 00:20:16]} {[%emt 00:07:08]} 30. Bc4+ {[%clk
00:35:12]} {[%emt 00:01:33]} Nd5 {[%clk 00:16:39]} {[%emt 00:04:08]} 31. b4
{[%clk 00:34:26]} {[%emt 00:01:16]} b5 {[%clk 00:16:02]} {[%emt 00:01:07]} 32.
Bd3 {[%clk 00:27:14]} {[%emt 00:07:41]} a6 {[%clk 00:14:31]} {[%emt 00:02:00]}
33. a3 {[%clk 00:26:28]} {[%emt 00:01:16]} g6 {[%clk 00:12:19]} {[%emt
00:02:43]} 34. g4 {[%clk 00:25:05]} {[%emt 00:01:53]} Kg7 {[%clk 00:09:06]}
{[%emt 00:03:42]} 35. h4 {[%clk 00:20:52]} {[%emt 00:04:44]} Rf8 {[%clk
00:07:34]} {[%emt 00:02:03]} 36. Kg3 {[%clk 00:20:25]} {[%emt 00:00:56]} Re8
{[%clk 00:07:26]} {[%emt 00:00:38]} 37. Kf2 {[%clk 00:20:05]} {[%emt 00:00:49]}
1/2-1/2

[Event "DVM U16 2021"]
[Site "Kiel GER"]
[Date "2022.07.26"]
[Round "7"]
[White "Ginschel, Leonhard"]
[Black "Korr, Sören"]
[Result "0-1"]
[Termination "normal"]
[Board "5.4"]
[WhiteElo "1273"]
[BlackElo "1255"]
[WhiteClock "00:10:21"]
[BlackClock "00:09:01"]
[WhiteTeam "TV Tegernsee"]
[BlackTeam "DJK Arminia Eilendorf 1919 e. V."]
[PlyCount "66"]
[WhiteFideId "16290917"]
[BlackFideId "16275241"]
[EventCountry "GER"]
[EventRounds "7"]
[EventType "team-swiss"]
[EventDate "2022.07.22"]

1. e4 {[%clk 01:30:58]} {[%emt 00:00:02]} e5 {[%clk 01:30:57]} {[%emt
00:00:04]} 2. Nf3 {[%clk 01:31:25]} {[%emt 00:00:03]} Nc6 {[%clk 01:31:21]}
{[%emt 00:00:06]} 3. Bc4 {[%clk 01:31:51]} {[%emt 00:00:04]} Bc5 {[%clk
01:31:37]} {[%emt 00:00:15]} 4. c3 {[%clk 01:32:16]} {[%emt 00:00:03]} Nf6
{[%clk 01:32:01]} {[%emt 00:00:07]} 5. d3 {[%clk 01:32:41]} {[%emt 00:00:05]}
h6 {[%clk 01:32:24]} {[%emt 00:00:07]} 6. Bb3 {[%clk 01:33:00]} {[%emt
00:00:10]} O-O {[%clk 01:32:33]} {[%emt 00:00:21]} 7. Nbd2 {[%clk 01:33:25]}
{[%emt 00:00:05]} Re8 {[%clk 01:26:28]} {[%emt 00:06:35]} 8. h3 {[%clk
01:31:27]} {[%emt 00:02:28]} d6 {[%clk 01:24:24]} {[%emt 00:02:34]} 9. Nf1
{[%clk 01:31:43]} {[%emt 00:00:15]} Be6 {[%clk 01:24:12]} {[%emt 00:00:43]} 10.
g4 {[%clk 01:29:27]} {[%emt 00:02:45]} Nh7 {[%clk 01:21:34]} {[%emt 00:03:07]}
11. Ng3 {[%clk 01:26:47]} {[%emt 00:03:10]} d5 {[%clk 01:13:27]} {[%emt
00:08:38]} 12. Qe2 {[%clk 01:24:04]} {[%emt 00:03:12]} a5 {[%clk 01:11:18]}
{[%emt 00:02:39]} 13. Nf5 {[%clk 01:19:03]} {[%emt 00:05:31]} a4 {[%clk
01:09:37]} {[%emt 00:02:11]} 14. Bc2 {[%clk 01:18:46]} {[%emt 00:00:47]} d4
{[%clk 01:05:11]} {[%emt 00:04:57]} 15. Rg1 {[%clk 01:09:52]} {[%emt 00:09:23]}
Qf6 {[%clk 00:53:27]} {[%emt 00:12:15]} 16. h4 {[%clk 00:55:05]} {[%emt
00:15:16]} g5 {[%clk 00:48:39]} {[%emt 00:05:18]} 17. hxg5 {[%clk 00:52:29]}
{[%emt 00:03:06]} Nxg5 {[%clk 00:47:52]} {[%emt 00:01:18]} 18. Rh1 {[%clk
00:52:09]} {[%emt 00:00:49]} Bxf5 {[%clk 00:42:55]} {[%emt 00:05:27]} 19. gxf5
{[%clk 00:52:16]} {[%emt 00:00:23]} Qg7 {[%clk 00:42:42]} {[%emt 00:00:43]} 20.
Nxg5 {[%clk 00:41:51]} {[%emt 00:10:55]} hxg5 {[%clk 00:41:28]} {[%emt
00:01:44]} 21. f6 {[%clk 00:40:28]} {[%emt 00:01:52]} Qxf6 {[%clk 00:39:22]}
{[%emt 00:02:37]} 22. Rg1 {[%clk 00:40:19]} {[%emt 00:00:38]} Kf8 {[%clk
00:34:24]} {[%emt 00:05:29]} 23. Bxg5 {[%clk 00:40:24]} {[%emt 00:00:25]} Qh8
{[%clk 00:32:05]} {[%emt 00:02:49]} 24. Qf3 {[%clk 00:39:36]} {[%emt 00:01:18]}
Be7 {[%clk 00:30:27]} {[%emt 00:02:08]} 25. Rh1 {[%clk 00:39:01]} {[%emt
00:01:05]} Qxh1+ {[%clk 00:28:49]} {[%emt 00:02:08]} 26. Qxh1 {[%clk 00:39:25]}
{[%emt 00:00:06]} Bxg5 {[%clk 00:29:13]} {[%emt 00:00:07]} 27. Ke2 {[%clk
00:35:15]} {[%emt 00:04:39]} a3 {[%clk 00:27:53]} {[%emt 00:01:50]} 28. bxa3
{[%clk 00:32:34]} {[%emt 00:03:11]} Rxa3 {[%emt 00:00:05]} 29. Bb3 {[%clk
00:32:11]} {[%emt 00:00:50]} dxc3 {[%clk 00:22:09]} {[%emt 00:06:42]} 30. Kd1
{[%clk 00:24:54]} {[%emt 00:07:47]} Rea8 {[%clk 00:17:06]} {[%emt 00:05:33]}
31. Bd5 {[%clk 00:19:01]} {[%emt 00:06:23]} Ke7 {[%clk 00:12:01]} {[%emt
00:05:35]} 32. Bxc6 {[%clk 00:13:49]} {[%emt 00:05:42]} Rxa2 {[%clk 00:09:15]}
{[%emt 00:03:16]} 33. Qh5 {[%clk 00:10:21]} {[%emt 00:03:57]} Rd2+ {[%clk
00:09:01]} {[%emt 00:00:45]} 0-1

[Event "DVM U16 2021"]
[Site "Kiel GER"]
[Date "2022.07.26"]
[Round "7"]
[White "Reichmann, Felix"]
[Black "Herter, Arne"]
[Result "1-0"]
[Termination "normal"]
[Board "6.1"]
[WhiteElo "1827"]
[BlackElo "1951"]
[WhiteClock "00:14:45"]
[BlackClock "00:01:21"]
[WhiteTeam "Schachfreunde Nordost Berlin"]
[BlackTeam "Schachzwerge Magdeburg"]
[PlyCount "73"]
[WhiteFideId "16238290"]
[BlackFideId "16255372"]
[EventCountry "GER"]
[EventRounds "7"]
[EventType "team-swiss"]
[EventDate "2022.07.22"]

1. c4 {[%clk 01:30:58]} {[%emt 00:00:02]} Nf6 {[%clk 01:30:54]} {[%emt
00:00:06]} 2. Nc3 {[%clk 01:31:08]} {[%emt 00:00:20]} g6 {[%clk 01:31:17]}
{[%emt 00:00:07]} 3. g3 {[%clk 01:31:13]} {[%emt 00:00:25]} Bg7 {[%clk
01:31:38]} {[%emt 00:00:09]} 4. Bg2 {[%clk 01:31:32]} {[%emt 00:00:11]} O-O
{[%clk 01:31:51]} {[%emt 00:00:17]} 5. d3 {[%clk 01:28:56]} {[%emt 00:03:06]}
d6 {[%clk 01:30:47]} {[%emt 00:01:34]} 6. e3 {[%clk 01:27:50]} {[%emt
00:01:35]} e5 {[%clk 01:29:42]} {[%emt 00:01:36]} 7. Nge2 {[%clk 01:28:07]}
{[%emt 00:00:13]} c6 {[%clk 01:29:01]} {[%emt 00:01:11]} 8. O-O {[%clk
01:28:14]} {[%emt 00:00:23]} Nbd7 {[%clk 01:27:40]} {[%emt 00:01:50]} 9. Rb1
{[%clk 01:26:59]} {[%emt 00:01:44]} a5 {[%clk 01:22:08]} {[%emt 00:06:04]} 10.
a3 {[%clk 01:25:20]} {[%emt 00:02:10]} Nb6 {[%clk 01:06:55]} {[%emt 00:15:41]}
11. e4 {[%clk 01:21:33]} {[%emt 00:04:18]} Nh5 {[%clk 01:03:59]} {[%emt
00:03:26]} 12. Be3 {[%clk 01:19:44]} {[%emt 00:02:19]} f5 {[%clk 00:59:32]}
{[%emt 00:04:56]} 13. Qb3 {[%clk 01:14:39]} {[%emt 00:05:36]} Nd7 {[%clk
00:57:09]} {[%emt 00:02:52]} 14. f4 {[%clk 01:05:51]} {[%emt 00:09:19]} Kh8
{[%clk 00:52:34]} {[%emt 00:05:05]} 15. Rbd1 {[%clk 01:01:54]} {[%emt
00:04:26]} Re8 {[%clk 00:45:09]} {[%emt 00:07:56]} 16. d4 {[%clk 00:47:20]}
{[%emt 00:15:04]} exd4 {[%clk 00:39:50]} {[%emt 00:05:48]} 17. Bxd4 {[%clk
00:47:42]} {[%emt 00:00:09]} Bxd4+ {[%clk 00:38:13]} {[%emt 00:02:07]} 18. Rxd4
{[%clk 00:47:56]} {[%emt 00:00:16]} Nc5 {[%clk 00:35:40]} {[%emt 00:03:03]} 19.
Qd1 {[%clk 00:48:11]} {[%emt 00:00:15]} Qb6 {[%clk 00:34:13]} {[%emt 00:01:57]}
20. Kh1 {[%clk 00:46:33]} {[%emt 00:02:08]} Nxe4 {[%clk 00:27:15]} {[%emt
00:07:28]} 21. Bxe4 {[%clk 00:39:30]} {[%emt 00:07:33]} fxe4 {[%clk 00:25:20]}
{[%emt 00:02:24]} 22. Na4 {[%clk 00:39:43]} {[%emt 00:00:18]} Qa7 {[%clk
00:20:36]} {[%emt 00:05:14]} 23. Rxd6 {[%clk 00:39:36]} {[%emt 00:00:37]} Bg4
{[%clk 00:20:37]} {[%emt 00:00:28]} 24. c5 {[%clk 00:39:11]} {[%emt 00:00:56]}
Qa6 {[%clk 00:19:39]} {[%emt 00:01:28]} 25. Re1 {[%clk 00:38:45]} {[%emt
00:00:56]} Ng7 {[%clk 00:18:03]} {[%emt 00:02:05]} 26. Nb6 {[%clk 00:38:06]}
{[%emt 00:01:10]} Rab8 {[%clk 00:11:43]} {[%emt 00:06:50]} 27. Nd7 {[%clk
00:31:46]} {[%emt 00:06:49]} Rbc8 {[%emt 00:10:06]} 28. Ne5 {[%clk 00:26:07]}
{[%emt 00:00:18]} Bf3+ {[%clk 00:06:12]} {[%emt 00:02:17]} 29. Kg1 {[%clk
00:24:51]} {[%emt 00:01:46]} Qb5 {[%clk 00:03:35]} {[%emt 00:03:07]} 30. Qd4
{[%clk 00:23:30]} {[%emt 00:01:50]} Rc7 {[%clk 00:01:40]} {[%emt 00:02:25]} 31.
Nc3 {[%clk 00:18:05]} {[%emt 00:05:55]} Qxb2 {[%clk 00:01:43]} {[%emt
00:00:27]} 32. Nxf3 {[%clk 00:18:28]} {[%emt 00:00:07]} Qxa3 {[%clk 00:01:14]}
{[%emt 00:01:00]} 33. Rd8 {[%clk 00:15:26]} {[%emt 00:03:31]} Rc8 {[%clk
00:00:44]} {[%emt 00:01:00]} 34. Rd7 {[%clk 00:15:24]} {[%emt 00:00:32]} Rg8
{[%clk 00:00:59]} {[%emt 00:00:15]} 35. Ng5 {[%clk 00:14:14]} {[%emt 00:01:40]}
h6 {[%clk 00:00:58]} {[%emt 00:00:31]} 36. Nf7+ {[%clk 00:14:24]} {[%emt
00:00:21]} Kh7 {[%clk 00:01:21]} {[%emt 00:00:07]} 37. Nxe4 {[%clk 00:14:45]}
{[%emt 00:00:08]} 1-0

[Event "DVM U16 2021"]
[Site "Kiel GER"]
[Date "2022.07.26"]
[Round "7"]
[White "Morgenstern, Tobias"]
[Black "Gutewort, Paul Emil"]
[Result "1/2-1/2"]
[Termination "normal"]
[Board "6.2"]
[WhiteElo "1901"]
[BlackElo "1702"]
[WhiteClock "00:10:55"]
[BlackClock "00:11:54"]
[WhiteTeam "Schachzwerge Magdeburg"]
[BlackTeam "Schachfreunde Nordost Berlin"]
[PlyCount "63"]
[WhiteFideId "12974390"]
[BlackFideId "16204182"]
[EventCountry "GER"]
[EventRounds "7"]
[EventType "team-swiss"]
[EventDate "2022.07.22"]

1. e4 {[%clk 01:30:48]} {[%emt 00:00:12]} g6 {[%clk 01:30:49]} {[%emt
00:00:10]} 2. Nc3 {[%clk 01:30:06]} {[%emt 00:01:13]} Bg7 {[%clk 01:30:53]}
{[%emt 00:00:26]} 3. Bc4 {[%clk 01:30:00]} {[%emt 00:00:37]} c5 {[%clk
01:28:51]} {[%emt 00:02:31]} 4. d3 {[%clk 01:29:34]} {[%emt 00:00:57]} Nc6
{[%clk 01:28:22]} {[%emt 00:00:58]} 5. a3 {[%clk 01:29:12]} {[%emt 00:00:52]}
e6 {[%clk 01:26:59]} {[%emt 00:01:54]} 6. f4 {[%clk 01:21:33]} {[%emt
00:08:08]} Nge7 {[%clk 01:25:59]} {[%emt 00:01:29]} 7. Nf3 {[%clk 01:19:08]}
{[%emt 00:02:56]} O-O {[%clk 01:18:52]} {[%emt 00:07:37]} 8. O-O {[%clk
01:17:49]} {[%emt 00:01:49]} d5 {[%clk 01:17:05]} {[%emt 00:02:17]} 9. Ba2
{[%clk 01:14:17]} {[%emt 00:04:02]} dxe4 {[%clk 01:14:44]} {[%emt 00:02:51]}
10. Nxe4 {[%clk 01:10:55]} {[%emt 00:03:52]} b6 {[%clk 01:13:05]} {[%emt
00:02:09]} 11. Qe2 {[%clk 01:08:01]} {[%emt 00:03:25]} Nf5 {[%clk 01:09:55]}
{[%emt 00:03:39]} 12. c3 {[%clk 01:05:57]} {[%emt 00:02:34]} Ba6 {[%clk
01:08:42]} {[%emt 00:01:43]} 13. Rd1 {[%clk 01:04:41]} {[%emt 00:01:46]} h5
{[%clk 01:08:01]} {[%emt 00:01:11]} 14. Be3 {[%clk 01:02:44]} {[%emt 00:02:27]}
Qe7 {[%clk 01:02:09]} {[%emt 00:06:22]} 15. b4 {[%clk 00:56:57]} {[%emt
00:06:17]} cxb4 {[%clk 00:51:42]} {[%emt 00:10:56]} 16. axb4 {[%clk 00:50:17]}
{[%emt 00:07:10]} Nd6 {[%clk 00:46:09]} {[%emt 00:06:04]} 17. Nxd6 {[%clk
00:42:06]} {[%emt 00:08:42]} Qxd6 {[%clk 00:46:32]} {[%emt 00:00:07]} 18. Bc4
{[%clk 00:41:18]} {[%emt 00:01:16]} Bb7 {[%clk 00:41:30]} {[%emt 00:05:33]} 19.
d4 {[%clk 00:35:32]} {[%emt 00:06:16]} Ne7 {[%clk 00:40:33]} {[%emt 00:01:27]}
20. Ne5 {[%clk 00:32:46]} {[%emt 00:03:15]} Rfc8 {[%clk 00:39:06]} {[%emt
00:01:58]} 21. Bd2 {[%clk 00:26:58]} {[%emt 00:06:18]} Nf5 {[%clk 00:34:24]}
{[%emt 00:05:13]} 22. Ba6 {[%clk 00:24:11]} {[%emt 00:03:16]} Bxa6 {[%clk
00:30:56]} {[%emt 00:03:57]} 23. Rxa6 {[%clk 00:24:20]} {[%emt 00:00:21]} Bxe5
{[%clk 00:27:31]} {[%emt 00:03:56]} 24. fxe5 {[%clk 00:24:17]} {[%emt
00:00:33]} Qd7 {[%clk 00:26:20]} {[%emt 00:01:41]} 25. Qe4 {[%clk 00:23:36]}
{[%emt 00:01:10]} Ne7 {[%clk 00:25:38]} {[%emt 00:01:13]} 26. Rda1 {[%clk
00:22:58]} {[%emt 00:01:08]} Nd5 {[%clk 00:24:36]} {[%emt 00:01:31]} 27. Qf3
{[%clk 00:20:06]} {[%emt 00:03:22]} Rc7 {[%clk 00:22:57]} {[%emt 00:02:09]} 28.
h3 {[%clk 00:18:05]} {[%emt 00:02:32]} Qc8 {[%clk 00:20:17]} {[%emt 00:03:09]}
29. R1a3 {[%clk 00:17:45]} {[%emt 00:00:51]} Qd7 {[%clk 00:19:20]} {[%emt
00:01:26]} 30. g4 {[%clk 00:11:57]} {[%emt 00:06:19]} hxg4 {[%clk 00:13:27]}
{[%emt 00:06:24]} 31. hxg4 {[%clk 00:12:20]} {[%emt 00:00:06]} Rac8 {[%clk
00:11:54]} {[%emt 00:02:02]} 32. Qh3 {[%clk 00:10:55]} {[%emt 00:01:56]}
1/2-1/2

[Event "DVM U16 2021"]
[Site "Kiel GER"]
[Date "2022.07.26"]
[Round "7"]
[White "Pohle, Saskia"]
[Black "Beck, Felix"]
[Result "1-0"]
[Termination "normal"]
[Board "6.4"]
[WhiteElo "1845"]
[BlackElo "1501"]
[WhiteClock "00:29:36"]
[BlackClock "00:20:39"]
[WhiteTeam "Schachzwerge Magdeburg"]
[BlackTeam "Schachfreunde Nordost Berlin"]
[PlyCount "63"]
[WhiteFideId "16201604"]
[BlackFideId "16255364"]
[EventCountry "GER"]
[EventRounds "7"]
[EventType "team-swiss"]
[EventDate "2022.07.22"]

1. e4 {[%clk 01:30:59]} {[%emt 00:00:01]} c6 {[%clk 01:30:48]} {[%emt
00:00:12]} 2. Nc3 {[%clk 01:31:23]} {[%emt 00:00:06]} d5 {[%clk 01:31:04]}
{[%emt 00:00:14]} 3. Nf3 {[%clk 01:31:49]} {[%emt 00:00:04]} Nf6 {[%clk
01:31:26]} {[%emt 00:00:07]} 4. e5 {[%clk 01:32:14]} {[%emt 00:00:06]} Ne4
{[%clk 01:31:12]} {[%emt 00:00:44]} 5. Ne2 {[%clk 01:32:36]} {[%emt 00:00:07]}
Qb6 {[%clk 01:30:52]} {[%emt 00:00:49]} 6. d4 {[%clk 01:33:01]} {[%emt
00:00:07]} e6 {[%clk 01:30:15]} {[%emt 00:01:07]} 7. Ng3 {[%clk 01:33:20]}
{[%emt 00:00:11]} c5 {[%clk 01:17:44]} {[%emt 00:13:01]} 8. Bd3 {[%clk
01:33:40]} {[%emt 00:00:11]} Nc6 {[%clk 01:15:04]} {[%emt 00:03:09]} 9. O-O
{[%clk 01:33:57]} {[%emt 00:00:13]} h6 {[%clk 00:54:42]} {[%emt 00:20:52]} 10.
Nxe4 {[%clk 01:26:35]} {[%emt 00:07:51]} dxe4 {[%clk 00:54:49]} {[%emt
00:00:24]} 11. dxc5 {[%clk 01:23:20]} {[%emt 00:03:45]} Bxc5 {[%clk 00:44:35]}
{[%emt 00:10:44]} 12. Bxe4 {[%clk 01:21:57]} {[%emt 00:01:53]} Bd7 {[%clk
00:37:03]} {[%emt 00:08:01]} 13. b3 {[%clk 01:16:07]} {[%emt 00:06:20]} O-O-O
{[%clk 00:35:28]} {[%emt 00:02:05]} 14. Bb2 {[%clk 01:11:48]} {[%emt 00:04:49]}
g5 {[%clk 00:33:08]} {[%emt 00:02:50]} 15. a4 {[%clk 01:04:02]} {[%emt
00:08:16]} Rhg8 {[%clk 00:29:37]} {[%emt 00:04:02]} 16. Nd2 {[%clk 01:00:51]}
{[%emt 00:03:41]} Be8 {[%clk 00:28:37]} {[%emt 00:01:29]} 17. Qe2 {[%clk
00:56:58]} {[%emt 00:04:23]} Nd4 {[%clk 00:25:50]} {[%emt 00:03:18]} 18. Bxd4
{[%clk 00:52:25]} {[%emt 00:05:03]} Rxd4 {[%clk 00:24:41]} {[%emt 00:01:39]}
19. c3 {[%clk 00:51:46]} {[%emt 00:01:08]} Rd8 {[%clk 00:23:08]} {[%emt
00:02:03]} 20. b4 {[%clk 00:50:21]} {[%emt 00:01:55]} Be7 {[%clk 00:22:48]}
{[%emt 00:00:50]} 21. Nc4 {[%clk 00:49:37]} {[%emt 00:01:15]} Qc7 {[%clk
00:22:52]} {[%emt 00:00:25]} 22. Na5 {[%clk 00:47:25]} {[%emt 00:02:42]} Bc6
{[%clk 00:21:09]} {[%emt 00:02:13]} 23. Bxc6 {[%clk 00:45:46]} {[%emt
00:02:09]} bxc6 {[%clk 00:21:28]} {[%emt 00:00:09]} 24. Qa6+ {[%clk 00:44:59]}
{[%emt 00:01:19]} Kd7 {[%clk 00:21:51]} {[%emt 00:00:07]} 25. Rad1+ {[%clk
00:43:57]} {[%emt 00:01:31]} Ke8 {[%clk 00:22:12]} {[%emt 00:00:10]} 26. Nxc6
{[%clk 00:41:05]} {[%emt 00:03:23]} Rd7 {[%clk 00:21:44]} {[%emt 00:00:57]} 27.
Rxd7 {[%clk 00:33:33]} {[%emt 00:08:02]} Qxd7 {[%clk 00:21:31]} {[%emt
00:00:43]} 28. Nxa7 {[%clk 00:33:08]} {[%emt 00:00:55]} Kd8 {[%clk 00:21:11]}
{[%emt 00:00:50]} 29. Nc6+ {[%clk 00:31:08]} {[%emt 00:02:31]} Ke8 {[%clk
00:21:03]} {[%emt 00:00:37]} 30. Qa8+ {[%clk 00:30:42]} {[%emt 00:00:55]} Bd8
{[%clk 00:21:24]} {[%emt 00:00:09]} 31. b5 {[%clk 00:29:33]} {[%emt 00:01:40]}
Qc7 {[%clk 00:20:39]} {[%emt 00:01:15]} 32. Rd1 {[%clk 00:29:36]} {[%emt
00:00:27]} 1-0

[Event "DVM U16 2021"]
[Site "Kiel GER"]
[Date "2022.07.26"]
[Round "7"]
[White "Langner, Robin"]
[Black "Zhou, Lepu Coco"]
[Result "0-1"]
[Termination "normal"]
[Board "7.1"]
[WhiteElo "1690"]
[BlackElo "1986"]
[WhiteClock "01:17:43"]
[BlackClock "01:10:41"]
[WhiteTeam "SK Freiburg-Zähringen 1887 e.V."]
[BlackTeam "SC Weisse Dame e.V."]
[PlyCount "28"]
[WhiteFideId "34606190"]
[BlackFideId "16217136"]
[EventCountry "GER"]
[EventRounds "7"]
[EventType "team-swiss"]
[EventDate "2022.07.22"]

1. c4 {[%clk 01:30:44]} {[%emt 00:00:16]} e5 {[%clk 01:30:55]} {[%emt
00:00:06]} 2. a3 {[%clk 01:29:57]} {[%emt 00:01:17]} Nf6 {[%clk 01:30:57]}
{[%emt 00:00:28]} 3. d3 {[%clk 01:28:48]} {[%emt 00:01:38]} d5 {[%clk
01:25:07]} {[%emt 00:06:20]} 4. cxd5 {[%clk 01:28:55]} {[%emt 00:00:23]} Nxd5
{[%clk 01:25:28]} {[%emt 00:00:09]} 5. Nf3 {[%clk 01:29:14]} {[%emt 00:00:10]}
f6 {[%clk 01:24:20]} {[%emt 00:01:39]} 6. Nbd2 {[%clk 01:28:23]} {[%emt
00:01:20]} c5 {[%clk 01:21:31]} {[%emt 00:03:19]} 7. Qc2 {[%clk 01:28:11]}
{[%emt 00:00:41]} Nc6 {[%clk 01:16:38]} {[%emt 00:05:24]} 8. e3 {[%clk
01:28:22]} {[%emt 00:00:19]} Be6 {[%clk 01:16:08]} {[%emt 00:01:01]} 9. b3
{[%clk 01:28:37]} {[%emt 00:00:14]} Be7 {[%clk 01:15:12]} {[%emt 00:01:26]} 10.
Bb2 {[%clk 01:29:01]} {[%emt 00:00:07]} O-O {[%clk 01:15:32]} {[%emt 00:00:09]}
11. Rc1 {[%clk 01:29:08]} {[%emt 00:00:23]} a5 {[%clk 01:15:23]} {[%emt
00:00:39]} 12. Ne4 {[%clk 01:27:56]} {[%emt 00:01:42]} a4 {[%clk 01:10:17]}
{[%emt 00:05:36]} 13. Nxc5 {[%clk 01:24:38]} {[%emt 00:03:48]} axb3 {[%clk
01:10:30]} {[%emt 00:00:17]} 14. Qxb3 {[%clk 01:17:43]} {[%emt 00:07:25]} Qa5+
{[%clk 01:10:41]} {[%emt 00:00:20]} 0-1